<?xml version="1.0" encoding="UTF-8"?>
<record
    xmlns:xsi="http://www.w3.org/2001/XMLSchema-instance"
    xsi:schemaLocation="http://www.loc.gov/MARC21/slim http://www.loc.gov/standards/marcxml/schema/MARC21slim.xsd"
    xmlns="http://www.loc.gov/MARC21/slim">

  <leader>00334    a2200133   4500</leader>
  <controlfield tag="005">20250610070540.0</controlfield>
  <datafield tag="020" ind1=" " ind2=" ">
    <subfield code="a">978-81-203-4094-7</subfield>
  </datafield>
  <datafield tag="082" ind1=" " ind2=" ">
    <subfield code="a">338.5 PRU</subfield>
  </datafield>
  <datafield tag="100" ind1=" " ind2=" ">
    <subfield code="a">PRUSTY S.</subfield>
  </datafield>
  <datafield tag="245" ind1=" " ind2=" ">
    <subfield code="a">Managerial Economics</subfield>
  </datafield>
  <datafield tag="260" ind1=" " ind2=" ">
    <subfield code="a">New Delhi</subfield>
    <subfield code="b">PHI Learning Private Limited</subfield>
    <subfield code="c">2010</subfield>
  </datafield>
  <datafield tag="300" ind1=" " ind2=" ">
    <subfield code="a">xv,288p.;ill</subfield>
    <subfield code="b">index</subfield>
    <subfield code="c">23cm</subfield>
  </datafield>
  <datafield tag="942" ind1=" " ind2=" ">
    <subfield code="2">ddc</subfield>
    <subfield code="c">BKS</subfield>
  </datafield>
  <datafield tag="999" ind1=" " ind2=" ">
    <subfield code="c">3340</subfield>
    <subfield code="d">3340</subfield>
  </datafield>
  <datafield tag="952" ind1=" " ind2=" ">
    <subfield code="r">2025-06-06 14:30:47</subfield>
    <subfield code="l">0</subfield>
    <subfield code="o">338.5 PRU</subfield>
    <subfield code="p">DOM0001725</subfield>
    <subfield code="v">60000.00</subfield>
    <subfield code="w">2025-06-06</subfield>
    <subfield code="y">BKS</subfield>
    <subfield code="1">0</subfield>
    <subfield code="2">ddc</subfield>
    <subfield code="4">0</subfield>
    <subfield code="7">0</subfield>
    <subfield code="0">0</subfield>
    <subfield code="a">004</subfield>
    <subfield code="b">004</subfield>
    <subfield code="c">SPECIAL</subfield>
    <subfield code="d">2021-11-29</subfield>
    <subfield code="g">2000.00</subfield>
  </datafield>
  <datafield tag="952" ind1=" " ind2=" ">
    <subfield code="r">2025-06-06 14:31:08</subfield>
    <subfield code="l">0</subfield>
    <subfield code="o">338.5 PRU</subfield>
    <subfield code="p">DOM0001719</subfield>
    <subfield code="v">60000.00</subfield>
    <subfield code="w">2025-06-06</subfield>
    <subfield code="y">BKS</subfield>
    <subfield code="1">0</subfield>
    <subfield code="2">ddc</subfield>
    <subfield code="4">0</subfield>
    <subfield code="7">0</subfield>
    <subfield code="0">0</subfield>
    <subfield code="a">004</subfield>
    <subfield code="b">004</subfield>
    <subfield code="c">SPECIAL</subfield>
    <subfield code="d">2021-11-29</subfield>
    <subfield code="g">2000.00</subfield>
  </datafield>
</record>
